|
|
|
|
| LEADER |
01122nam a22002772a 4500 |
| 001 |
000759048 |
| 003 |
CZ BrMZK |
| 005 |
20190627121743.0 |
| 007 |
ta |
| 008 |
050112s1957 xr erf||||||||||cze d |
| 040 |
|
|
|a BOA001
|b cze
|
| 072 |
|
7 |
|a 512
|x Algebra
|2 Konspekt
|9 13
|
| 080 |
|
|
|a 512
|2 MRF
|
| 080 |
|
|
|a 373.3.016
|2 MRF
|
| 080 |
|
|
|a (072)
|2 MRF
|
| 100 |
1 |
|
|a Hruša, Karel,
|d 1905-1971
|7 jk01043012
|4 edt
|
| 245 |
1 |
0 |
|a Metodický průvodce k učebnicím algebry pro 9. až 11. postupný ročník
|b pomocná kniha pro učitele škol všeobecně vzdělávacích /
|c zprac. Josef Holubář ... [et al.] ; hist. pozn. zprac. František Balada a Karel Koutský
|
| 250 |
|
|
|a 2. vyd.
|
| 260 |
|
|
|a Praha :
|b SPN,
|c 1957
|
| 650 |
0 |
7 |
|a algebra
|7 ph114025
|2 czenas
|
| 650 |
0 |
7 |
|a učivo základních škol
|7 ph136701
|2 czenas
|
| 655 |
|
7 |
|a metodické příručky
|7 fd132826
|2 czenas
|
| 910 |
|
|
|a BOA001
|b PK-0020.062
|
| 990 |
|
|
|a BK
|
| 996 |
7 |
|
|b 3119690851
|c PK-0020.062
|l MZK
|r Sklad / do 1 hodiny
|n 0
|w 000759048
|u 000020
|a 1
|e BOA001
|j MZK50
|s A
|
| 996 |
7 |
|
|b 3119690852
|c PK-0020.062
|l MZK
|r Sklad / do 1 hodiny
|n 0
|w 000759048
|u 000010
|a 1
|e BOA001
|j MZK50
|s A
|